AIR: A journey of all India radio/ (Record no. 190228)

MARC details
000 -LEADER
fixed length control field 00519nam a22001817a 4500
005 - DATE AND TIME OF LATEST TRANSACTION
control field 20220720170634.0
010 ## - LCCN (DPL NO)
LC control number ENG-133746
020 ## - INTERNATIONAL STANDARD BOOK NUMBER
Terms of availability 750.00
International Standard Book Number 978-81-925571-0-4
035 ## - SYSTEM CONTROL NUMBER
System control number EN-117278
037 ## - SOURCE OF ACQUISITION
Source of stock number/acquisition DBAD/PUB
082 ## - DEWEY DECIMAL CLASSIFICATION NUMBER
Classification number 384.54
100 ## - MAIN ENTRY--PERSONAL NAME
Personal name Gupta, Jyoti
245 ## - TITLE STATEMENT
Title AIR: A journey of all India radio/
Statement of responsibility, etc Jyoti Gupta
260 ## - PUBLICATION, DISTRIBUTION, ETC. (IMPRINT)
Place of publication, distribution, etc Allahabad
Name of publisher, distributor, etc Anurag Publication
Date of publication, distribution, etc 2018
270 ## - ADDRESS
Address 116/70, Lukerganj
City Allahabad
Postal code 211001
300 ## - PHYSICAL DESCRIPTION
Extent 240p.
Dimensions 22cm(hbk)
942 ## - ADDED ENTRY ELEMENTS (KOHA)
Source of classification or shelving scheme Dewey Decimal Classification
Item type English Books
Classification part 384.54
Call number suffix GUP
Holdings
Withdrawn status Lost status Not for loan Collection code Home library Current library Date acquired Source of acquisition Cost, normal purchase price Full call number Barcode Copy number Cost, replacement price Koha item type
      Non-fiction Bawana Bawana 20/07/2022 DBAD/PUB 750.00 384.54 GUP EN-117278 1 750.00 English Books

© Delhi Public Library
Hit Counter
free hit counter